La imagen imperfecta entre tu palabra y la mía.

Uloženo v:
Podrobná bibliografie
Hlavní autor: Agüero, Carolina (autora)
Médium: Kniha
Jazyk:španělština
Vydáno: [Chile]: Paula López Droguetti, 2021.
Témata:
Tagy: Přidat tag
Žádné tagy, Buďte první, kdo vytvoří štítek k tomuto záznamu!

MARC

LEADER 00000nam a22000007a 4500
003 CL-VaPUC
005 20250428151830.0
008 250428t2021 ||||| |||| 00| 0 spa d
999 |c 449199  |d 449197 
040 |c Pontificia Universidad Católica de Valparaíso 
082 |2 22  |a 779.2 AGU 2021 
100 |9 896952  |a Agüero, Carolina  |e autora 
245 |a La imagen imperfecta entre tu palabra y la mía. 
260 |a [Chile]:  |b Paula López Droguetti,  |c 2021. 
300 |a [50 páginas sin numeración]:  |b fotografías. 
500 |a c.1 Instituto Arcos. 08-01-2025 
583 |c 20250428  |k Yessy Sthefany Diaz Vidal 
650 0 |9 862302  |a Fotografía de retrato  |x Identidad personal  |x Representación artística 
942 |2 ddc  |c BK  |n 1 
952 |0 0  |1 0  |2 ddc  |4 0  |6 779_200000000000000_AGU_2021  |7 0  |8 A  |9 602780  |a BIBINC  |b BIBINC  |d 2025-04-28  |e Instituto Arcos  |i 5667336  |o 779.2 AGU 2021  |p 5667336  |r 2025-04-28  |t 1  |w 2025-04-28  |y BK  |k IFP